000 00746cam a2200229 a 4500
001 707389
005 20180205035524.0
008 970226s1997 enka b 001 0 eng
010 _a 97007488
020 _a075062955X (pbk.)
040 _aDLC
_cDLC
_dDLC
041 _aeng
080 _a658.4012 FRI
082 0 0 _a658.4012 FRI
_221
100 1 _a54
101 _aMEN
245 1 0 _aPlanning under pressure :
_cJohn Friend, Allen Hickling.
504 _aIncludes bibliographical references (p. 343-351) and index.
906 _a7
_bcbc
_corignew
_d1
_eocip
_f19
_gy-gencatlg
942 _2ddc
_cBK
999 _c41730
_d41730